Представление документа в формате RUSMARC

ПолеНазваниеЗначение
  Тип записи a
  Библиографический уровень m
001 Контрольный номер UONB/MAIN/350ebb32a95546128083ed841c434d43
005 Дата корректировки 20260504130727.0
010 Индекс ISBN __
b Уточнения в пер.
d Цена 1 р. 10 к.
9 Тираж 500 экз.
100 Данные общей обработки __
a Данные общей обработки 20260504d1974 u u0rusy0189 ca
101 Язык документа 0_
a Язык текста rus
102 Страна публикации __
a Страна публикации RU
105 Кодированные данные (монография) __
a Кодированные данные (монография) a z 001yy
200 Заглавие и сведения об ответственности 1_
a Заглавие Вып. 2
e Сведения, относящиеся к заглавию тематический сборник научных трудов
210 Выходные данные 1_
d Дата издания 1974
215 Физическое описание __
a Объем 143 с.
c Иллюстрации/тип воспроизводства ил.
320 Библиография __
a Библиография Библиогр. в конце работ
461 Уровень набора _0
1 2001
a Производство железнодорожных рельсов и колес
f Министерство черной металлургии СССР, Украинский научно-исследовательский институт металлов
g редакторы В. Т. Сладкоштеев [и др.]
v Вып. 2
1 2101
a Харьков
c УКРНИИМЕТ
d 1973-
1 001UONB/MAIN/acf9cad0bcb342f6a7c1c36efb88dae1
1 203
a Текст
b визуальный
c непосредственный
1 215
d 21 см
606 Тематические рубрики 0_
a Основная рубрика Рельсы
x Основная подрубрика Производство
j Формальный подзаголовок Сборники
606 Тематические рубрики 0_
a Основная рубрика Вагонные колеса
x Основная подрубрика Производство
j Формальный подзаголовок Сборники
610 Ключевые слова 0_
a Ключевые слова рельсы железнодорожные; производство железнодорожных рельсов; вагонные колеса; производство вагонных колес
675 Индекс УДК __
a Индекс УДК 6П4.225
686 Индексы других классификаций __
2 Код системы rubbk
a Классификационный индекс 34.621
801 Источник записи _0
a Страна RU
b Организация Ульяновская ОНБ
c Дата составления 20260504
g Правила каталогизации RCR
801 Источник записи _1
a Страна RU
b Организация Ульяновская ОНБ
c Дата составления 20260504
g Правила каталогизации RCR
901 Тип документа __
t Тип документа n
w Контрольный № источника UONB/MAIN/acf9cad0bcb342f6a7c1c36efb88dae1
909 Создатель записи __
a Создатель записи Горбункова
b Дата создания записи 20260504